Migración y cambio social en Antioquia durante el siglo XIX / (Registro nro. 3448)
[ vista simple ]
| 000 -LEADER | |
|---|---|
| fixed length control field | 01358nam a2200277Ia 4500 |
| 003 - CONTROL NUMBER IDENTIFIER | |
| control field | OSt |
| 005 - DATE AND TIME OF LATEST TRANSACTION | |
| control field | 20200429114521.0 |
| 008 - FIXED-LENGTH DATA ELEMENTS--GENERAL INFORMATION | |
| fixed length control field | 191128s1979 ck gr 000 0dspa d |
| 040 ## - CATALOGING SOURCE | |
| Original cataloging agency | CO-JMCR |
| Transcribing agency | CO-JMCR |
| 041 0# - LANGUAGE CODE | |
| Language code of text/sound track or separate title | spa |
| 082 04 - DEWEY DECIMAL CLASSIFICATION NUMBER | |
| Classification number | 304.8 / |
| Item number | L864m |
| 100 1# - MAIN ENTRY--PERSONAL NAME | |
| Personal name | López Toro, Alvaro, |
| Relator term | autor |
| 9 (RLIN) | 3633 |
| 245 10 - TITLE STATEMENT | |
| Title | Migración y cambio social en Antioquia durante el siglo XIX / |
| Statement of responsibility, etc. | Alvaro Lopez Toro |
| 250 ## - EDITION STATEMENT | |
| Edition statement | Tercera edición |
| 260 ## - PUBLICATION, DISTRIBUTION, ETC. | |
| Place of publication, distribution, etc. | Medellín : |
| Name of publisher, distributor, etc. | Hombre Nuevo, |
| Date of publication, distribution, etc. | 1979 |
| 300 ## - PHYSICAL DESCRIPTION | |
| Extent | 143 páginas ; |
| Dimensions | 17 cm. |
| 490 0# - SERIES STATEMENT | |
| Series statement | Historia ; |
| Volume/sequential designation | 4 |
| 500 ## - GENERAL NOTE | |
| General note | Incluye datos biográficos del autor. |
| 505 ## - FORMATTED CONTENTS NOTE | |
| Formatted contents note | Bases sociales de la minería colonial en Antioquia -- Dinámica y crisis del sistema económico colonial -- Condiciones institucionales y económicas de la colonización en el siglo diez y nueve -- El ascenso de la clase empresarial |
| 520 ## - SUMMARY, ETC. | |
| Summary, etc. | Con el presente volumen, el cuarto de la serie, continuamos con el prpósito inicial de "promover, entre el público no especializado, el conocimiento de nuestra historia y de nuestra situación nacional". |
| 650 14 - SUBJECT ADDED ENTRY--TOPICAL TERM | |
| Topical term or geographic name entry element | Migración interna |
| Chronological subdivision | Siglo XIX |
| Geographic subdivision | Antioquia |
| 9 (RLIN) | 3634 |
| 650 24 - SUBJECT ADDED ENTRY--TOPICAL TERM | |
| Topical term or geographic name entry element | Historia social |
| Chronological subdivision | Siglo XIX |
| Geographic subdivision | Antioquia |
| 9 (RLIN) | 3635 |
| 650 24 - SUBJECT ADDED ENTRY--TOPICAL TERM | |
| Topical term or geographic name entry element | Crecimiento económico |
| Chronological subdivision | Siglo XIX |
| Geographic subdivision | Antioquia |
| 9 (RLIN) | 3636 |
| 650 24 - SUBJECT ADDED ENTRY--TOPICAL TERM | |
| Topical term or geographic name entry element | Condiciones socioeconómicas |
| Chronological subdivision | Siglo XIX |
| Geographic subdivision | Antioquia |
| 9 (RLIN) | 3637 |
| 942 ## - ADDED ENTRY ELEMENTS (KOHA) | |
| Source of classification or shelving scheme | Dewey Decimal Classification |
| Koha item type | Books |
| Withdrawn status | Lost status | Source of classification or shelving scheme | Materials specified (bound volume or other part) | Damaged status | Not for loan | Home library | Current library | Shelving location | Date acquired | Source of acquisition | Cost, normal purchase price | Total Checkouts | Full call number | Barcode | Date last seen | Copy number | Price effective from | Koha item type |
|---|---|---|---|---|---|---|---|---|---|---|---|---|---|---|---|---|---|---|
| Dewey Decimal Classification | Donación -- 11/04/2018-- | Biblioteca Pública José María del Castillo y Rada | Biblioteca Pública José María del Castillo y Rada | General Stacks | 11/28/2019 | Donación | 0.00 | 304.8 / L864m | 201807300 | 05/16/2024 | Ej.1 | 11/28/2019 | Books |